Hành vi lựa chọn khu vực làm việc của lao động trẻ tốt nghiệp giáo dục bậc cao: Kết quả từ một cuộc khảo sát cấp quốc gia ở Việt Nam /

Đã lưu trong:
Sonraí Bibleagrafaíochta
Príomhúdar: Bạch Ngọc Thắng.
Formáid: Bài viết
Teanga:Vietnamese
Ábhair:
Clibeanna: Cuir Clib Leis
Gan Chlibeanna, Bí ar an gcéad duine leis an taifead seo a chlibeáil!
Thư viện lưu trữ: Thư viện Trường Đại học Đà Lạt
LEADER 00796nam a2200253 4500
001 DLU190192877
005 ##20191014
040 # # |a DLU  |b vie 
041 # # |a vie 
044 # # |a vn 
100 # # |a Bạch Ngọc Thắng. 
245 # # |a Hành vi lựa chọn khu vực làm việc của lao động trẻ tốt nghiệp giáo dục bậc cao: Kết quả từ một cuộc khảo sát cấp quốc gia ở Việt Nam /  |c Bạch Ngọc Thắng. 
653 # # |a Giáo dục bậc cao 
653 # # |a Lao động trẻ 
653 # # |a Thị trường lao động 
773 # # |t Kinh tế và phát triển  |g Số 253, 2018, tr. 50-58 
994 # # |a DLU 
900 # # |a True 
911 # # |a Hoàng Thị Huyền 
925 # # |a G 
926 # # |a A 
927 # # |a BB 
980 # # |a Thư viện Trường Đại học Đà Lạt